Figure Out the Lyrics: TV Theme III Quiz Stats

 Plays Quiz Updated Jan 29, 2014

     
Support Sporcle.
Go Orange.
Score 0/191 Timer 08:00
5 Plays Today
% Correct
a
98.5%
I
97%
I
97%
I
97%
I
97%
I
97%
I
97%
I
97%
I
97%
I
97%
a
96.5%
a
96.5%
a
96.5%
a
96.5%
the
95.1%
the
95.1%
the
95.1%
the
95.1%
the
95.1%
the
95.1%
the
95.1%
the
95.1%
ya
86.9%
you
86.7%
And
83.6%
and
83.6%
And
83.6%
and
83.6%
and
83.6%
and
83.6%
and
83.6%
and
83.6%
and
82.7%
to
81.6%
to
81.6%
to
81.6%
to
81.6%
to
81.6%
to
81.6%
is
81%
is
80.2%
In
78.6%
in
78.6%
in
78.6%
in
78.6%
in
78.6%
'Yo
77.6%
Yo
77.6%
it -
76.3%
of
76%
of
76%
of
76%
of
76%
of
76%
On
75.6%
on
75.6%
no
73.3%
it
69.5%
it
69.5%
my
68.7%
my
68.7%
my
68.7%
my
68.7%
my
68.7%
% Correct
my
68.7%
where
67.1%
this
66.8%
this
66.8%
When
66.7%
when
66.7%
your
63.7%
how
63.5%
how
63.5%
there,
63.2%
there
63.2%
up
63.1%
up
63.1%
life
60.7%
for
60%
all
59.7%
all
59.7%
all
59.7%
story
59.3%
who
58.5%
one
58.1%
got
57.6%
got
57.6%
got
57.6%
Bel-Air'
57%
were
56.9%
down,
56.3%
Bel-Air.
56.3%
Bel-Air
56.3%
Bel-Air.
56.3%
was
56.1%
was
56.1%
prince
55.3%
Prince
55.3%
about
55%
about
55%
good
54.6%
with
54.5%
'You're
52.7%
If
52.5%
mom
51.7%
said
51%
said
51%
uncle
50.6%
as
50.3%
out
50%
nah
49.9%
upside
48.9%
days,
48%
that
48%
auntie
47.9%
turned
47.8%
Now
47.7%
tell
47.7%
West
47.4%
born
47.2%
town
46.9%
Philadelphia
46.7%
raised
46.7%
some
46.7%
like
46.6%
called
46.6%
or
46.6%
most
46.5%
% Correct
little
46.3%
neighborhood,
46.2%
just
46.2%
I'll
46.1%
trouble
45.6%
at
45.5%
Home
45.3%
fight
45.2%
movin'
45.3%
spent
44.7%
right
44.5%
sit
44.3%
sit
44.3%
became
44.2%
scared,
44.1%
'Fresh'
44%
makin'
43.9%
cab
43.4%
cab
43.4%
started
43.3%
playground
43.2%
take
42.7%
guys
42.5%
couple
41.6%
smell
41.4%
later!'
41.3%
had
40.9%
but
40.3%
b-ball
39.9%
house
39.7%
came
39.3%
minute
38.4%
could
38.4%
school,
38.1%
I'd
37.2%
flipped
36.8%
Chillin'
36.8%
relaxin'
36.4%
outside
35.5%
shootin'
34.7%
cool
34.4%
throne
34.4%
cabbie
34%
dice
33.7%
mirror
33.7%
pulled
33.4%
7
33.3%
8
33.2%
say
32.8%
near
32.4%
plate
31.8%
yelled
31.7%
license
31.6%
maxin'
31%
whistled
30.8%
finally
30.1%
Homes
29.4%
thought
28.1%
Looked
27.3%
kingdom
26.7%
rare
25.2%
forget
25.2%
anything
25%

From the Vault

Mammals of Africa

by Scuadrado

Science 10m
We looked up puns about Africa, but all the ones we found were irrelephant.
Remove Ads.
Support Sporcle.
Get the best of Sporcle when you Go Orange. This ad-free experience offers more features, more stats, and more fun while also helping to support Sporcle. Thank you for becoming a member.

Show Comments

Extras

Top Quizzes Today


Score Distribution

Your Account Isn't Verified!

In order to create a playlist on Sporcle, you need to verify the email address you used during registration. Go to your Sporcle Settings to finish the process.

Report this User

Report this user for behavior that violates our Community Guidelines.

Details: